00861cam a2200253 i 4500001000500000005001700005020001500022020001800037040002800055050001300083082001000096100004000106245004800146250004500194260003600239300006000275505000800335520013900343521002100482521002000503650003800523650001900561650002700580270820250513081537.0 a0590451367 a9780156707688 aDLCcDLCerdadDLCbeng00aPZ7.D43900a823.91 aDePaola, Tomied1934-2020,eauthor.10aPancakes for breakfast /cby Tomie DePaola. aFirst Scholastic printing, October 1991  aNew York :bScholastic , c1978 a28 unnumbered pages : bcolor illustrations ;c16 cm .  aF  aA little old lady's attempts to have pancakes for breakfast are hindered by a scarcity of supplies and the participation of her pets.  a300 bLexile  aF bRaz-Plus  1aPancakes, waffles, etc.vFiction. 1aPetsvFiction. 1aStories without words.